| 000 | 00414nam a2200145Ia 4500 | ||
|---|---|---|---|
| 008 | 100415s9999 xx 000 0 und d | ||
| 082 |
_b8929 _a591.55 |
||
| 100 | _aWilson Edward O. | ||
| 245 | _aSociobiology : the new synthesis | ||
| 260 |
_aMASSACHUSETTS _c1975 _bTHE BELKNAP PRESS |
||
| 365 | _b0 | ||
| 630 | _aSociobiology : the new synthesis | ||
| 730 | _aSociobiology : the new synthesis | ||
| 942 | _cBOOK | ||
| 999 |
_c591869 _d591866 |
||